• 首页
  • 本馆介绍
  • 公告通知
  • 最新文献
  • 馆藏检索
  • 电子资源
  • 读者导购
  • 参考咨询
  • 我的图书馆
  • 登录
  • 详细信息显示
  • 放入我的书架
  • 预约/预借图书
  • 作者相关作品
  • 分类相关作品
  • 丛书相关作品
  • 出版社相关作品

书目信息

  • 表格格式
  • 工作单格式
  • 卡片格式
题名:
计算机技术与物联网
    
 
作者: 段涛 , 陈国栋 , 杨明泽 著
分册:  
出版信息: 北京   中国纺织出版社  2018
页数: 247页
开本: 26cm
丛书名:
单 册:
中图分类: TP3 , TP393.409
科图分类:
主题词: 计算机技术--研究 , 互联网络--应用 , 智能技术--应用
电子资源:
ISBN: 978-7-5180-4166-4
000 01106nam0 2200289 450
001 2365500857
005 20231209231037.27
010    @a978-7-5180-4166-4@dCNY52.00@z978-7-206-14225-3
100    @a20181129d2018 em y0chiy50 ea
101 0  @achi
102    @aCN@b110000
105    @aa z 000yy
200 1  @a计算机技术与物联网@Aji suan ji ji shu yu wu lian wang@f段涛,陈国栋,杨明泽著
210    @a北京@c中国纺织出版社@d2018
215    @a247页@c图@d26cm
330    @a物联网,是继计算机、互联网和移动通信之后新一轮信息技术革命,是信息产业领域未来竞争的制高点和产业升级的核心驱动力,是加速推进工业化、信息化融合的催化剂。本书阐述作为一种短距、低功耗无线网络技术,物联网技术在科研、工业、国防、国民经济各个领域的应用。
606 0  @a计算机技术@x研究
606 0  @a互联网络@x应用
606 0  @a智能技术@x应用
610 0  @a物联网
690    @aTP3@v5
690    @aTP393.409@v5
701  0 @a段涛@Aduan tao@c(计算机)@4著
701  0 @a陈国栋@Achen guo dong@c(计算机)@4著
701  0 @a杨明泽@Ayang ming ze@4著
801  0 @aCN@b大连网信软件有限公司图书馆·11@c20231016
905    @aZUCC@dTP3@e103
    
    计算机技术与物联网/段涛,陈国栋,杨明泽著.-北京:中国纺织出版社,2018
    247页:图;26cm
    
    
    ISBN 978-7-5180-4166-4:CNY52.00
    物联网,是继计算机、互联网和移动通信之后新一轮信息技术革命,是信息产业领域未来竞争的制高点和产业升级的核心驱动力,是加速推进工业化、信息化融合的催化剂。本书阐述作为一种短距、低功耗无线网络技术,物联网技术在科研、工业、国防、国民经济各个领域的应用。
●
相关链接 在五车中查询图书 在当当中查询图书 在豆瓣中查询图书


正题名:计算机技术与物联网     索取号:TP3/103         预约/预借

序号 登录号 条形码 馆藏地/架位号 状态 备注
1 2001056559   2001056559   315书库/四28架B面5层5列/ [索取号:TP3/103] 在馆    
2 2001056560   2001056560   315书库/四28架B面5层5列/ [索取号:TP3/103] 在馆    
3 2001056561   2001056561   315书库/四28架B面5层5列/ [索取号:TP3/103] 在馆    
4 2001056562   2001056562   315书库/四28架B面5层5列/ [索取号:TP3/103] 在馆    
5 2001056563   2001056563   315书库/四28架B面5层5列/ [索取号:TP3/103] 在馆    
6 2001056564   2001056564   315书库/四28架B面5层5列/ [索取号:TP3/103] 在馆    
山东省滨州职业学院图书馆 欢迎您!
大连网信软件有限公司© 版权所有